00181nam a2200073Ia 4500008004100000082000800041100002500049245003300074240331s9999 xx 000 0 und d bARU aArumugaththamilan, K 0aThirumoolar kalaththin kyral